000 01607nam a2200325Ia 4500
001 18881
003 IT-RoPAU
008 130308s9999 xx 000 0 und d
040 _aIT-RoPAU
040 _cIT-RoPAU
041 _aITALIANO
100 _aLefevre Bruno
100 _gCodice Aut. SPICS: 4834
240 _aAUDIOVISUEL ET telematique DANS LA CITE'
240 _gCodice Tit. Orig. Spics: T1348
245 _aImmaginare l'avvenire-Verso la società dell'informazione
245 _bImmaginare L'Avvenire-Verso la Societa' dell'Informazione
250 _a1a ed.
260 _aROMA/VENEZIA
260 _bSarin/Marsilio
260 _c1983 [1° Ed.:1983 - Ed.Ling.Originale:1979]
300 _a"122 p. (prefazione: no ; testo: 122)"
500 _aContesto Socio Economico: Nuovi Bisogni della Società Post Industriale, Sviluppo Tecnologico. Nuovi Servizi a carattere Nazionale: reti di Trasmissione Dati, Posta Elettronica, comunicazioni tra imprese con Telex, Facsimilee Teletx, Servizi di Videoinformazione con Teletxt e Videotex, Teleconferenze, Trasferimenti Elettronici di Fondi. Nuovi Servizi e Ambienti di Lavoro. Nuovi Servizi Disponibili a domicilio con L'Uso del telefono e della Televisione. Nuovi Servizi locali a carattere Collettivo. Qualche Esempio di Applicazione Sociale dei Nuovi Servizi: nell'Istruzione, nella Medicina. Nuovi Servizi e Urbanistica: Organizzazione del Lavoro, Trasporti. Glossario. Bibliografia.
650 _aSAGGI SULLA MULTIMEDIALITA'
650 _eCodice materia Spics: 4257
942 _cBK
957 _71
999 _c68254
_d68254
999 _bSI
999 _g1